000 00565nam a2200169 a 4500
001 000024847
005 20200930023414.0
008 110207s1983 dr r 000 0 spa d
040 _aDO-SdBNP
_bspa
_cBNPHU
082 _axxxx
_bxxxx
245 0 3 _aLa comunicación hoy :
_bmarco institucional y profesional.
260 _aSanto Domingo :
_bUniversidad Autónoma de Santo Domingo
_bComisión Macbride,
_c1983.
300 _a95 p. ;
_c21 cm.
490 1 _aCuaderno de comunicación
_v3
590 _aInventariado, 2019/BT
830 0 _aCuaderno de comunicación
_n3
_950995
999 _c24340
_d24340